Were we Premier League team-mates? Quiz Stats

 Plays Quiz not verified by Sporcle

Support Sporcle.
Go Orange.
Score 0/20 Timer 05:00
0 Plays Today
Premier League Players Answer % Correct
A PL legend in his own right and closing in on Barry's record as well as a PL winners medal is James Milner. Have the two legends ever played together in the PL????
89.3%
Emile Heskey is a PL icon. Steven Gerrard is a PL icon. Were they iconic together in the PL????
84.1%
Alan Shearer is the all-time leading goal-scorer. Gareth Barry is the all-time appearance maker. Have they played on the same team in the Premier League????
83.8%
David Batty was 'revered' for his tough tackling much like Julian Dicks, but did they ever combine in the PL????
81.6%
Completely opposite in playing style is Juan Sebastián Verón. Did John and Juan showcase their respective talents together in the PL????
78.9%
Both Irish. Both centre-halves. Both relatively uncompromising individuals. Did Breen ever line up with John O'Shea in the PL????
77.7%
Unlike Dicks, Konchesky got around a bit playing for 6 different PL clubs. On his travels, did he ever play with fellow journeyman Robbie Keane????
75.2%
Mikael Forssell and Emile Heskey. Was this fearsome partnership ever unleashed on the PL????
67.9%
Finally, Di María spent one relatively unhappy season at United. As did Radamel Falcao. Were they ever unhappy in the PL together though????
65.9%
Jussi Jääskeläinen made 436 PL appearances - the most by any Finnish player - but did he play with fellow Finn Mikael Forssell????
65.3%
Premier League Players Answer % Correct
From one Argentine to another. Did Verón ever pull the strings for compatriot Hernán Crespo in the PL????
63.8%
A PL 'legend' for a completely different style of play is David Batty. Has he lined up alongside James Milner in the PL????
61.8%
Carlton Cole could be found banging them in up top whilst Jussi Jääskeläinen was stopping them at the back. Did they do it simultaneously in the PL though????
58.2%
Hernán Crespo has been described as 'a fast, tenacious, powerful, and complete striker.' Similar in many aspects to Carlton Cole, but did they make any PL appearances together????
52.1%
Both born in Merseyside and were regulars in the PL in the 1990s, but did McAteer and Mike Newell play together????
49.3%
503 PL appearances across 20 seasons for Rio. He has played alongside some of the best players to grace the PL. Did he ever play alongside Ángel Di María????
48.6%
Julian Dicks could be considered an 'old-school' full-back, but was also the idol of a young Paul Konchesky. Did Paul get to line-up alongisde his boyhood hero????
48.2%
Robbie Keane has 146 caps for Ireland; Gary Breen has 63. But did they ever play together in the PL????
41.7%
'A hardworking box-to-box player with great endurance in his prime.' Could be Stevie G or Jason McAteer - but have they worked hard together in the PL????
37%
Mike Newell and Rio Ferdinand have a combined 7 PL winners' medals. But have they combined together in the PL????
32.5%

You're not logged in!

Compare scores with friends on all Sporcle quizzes.
OR
Log In

From the Vault

Casters, Cesters & Chesters (UK)

by pecheneg

We don't know much about this Chester fellow, but he's everywhere.
Remove Ads.
Support Sporcle.
Get the best of Sporcle when you Go Orange. This ad-free experience offers more features, more stats, and more fun while also helping to support Sporcle. Thank you for becoming a member.

Show Comments

Extras

Top Quizzes Today


Score Distribution

Your Account Isn't Verified!

In order to create a playlist on Sporcle, you need to verify the email address you used during registration. Go to your Sporcle Settings to finish the process.

Report this User

Report this user for behavior that violates our Community Guidelines.

Details: